000 00368nam a2200145Ia 4500
008 151213s9999 xx 000 0 und d
100 _aMaxim Gorky
245 _aMother
_cMaxim Gorky
260 _aBombay
_bJaico Publishing House
_c1948
300 _a11780 p.
650 _aEnglish Literature
650 _aEnglish Literature
700 _aMaxim Gorky
999 _c5024
_d5024